Catálogo público

Normal view MARC view

Entry Nombre personal

Number of records used in: 1

001 - NÚMERO DE CONTROL

  • campo de control: 183789

003 - IDENTIFICADOR DEL NÚMERO DE CONTROL

  • campo de control: OSt

005 - FECHA Y HORA DE LA ÚLTIMA TRANSACCIÓN

  • campo de control: 20220601075626.0

008 - DATOS DE LONGITUD FIJA

  • campo de control de longitud fija: 220601|| aca||aabn | a|a d

040 ## - FUENTE DE LA CATALOGACIÓN

  • Centro catalogador/agencia de origen: OSt
  • Centro/agencia transcriptor: OSt

100 ## - ENCABEZAMIENTO-NOMBRE DE PERSONA

  • Nombre de persona: Hernández Martínez, Juvencio, coord., aut. \ Avilés Nova, Francisca, coord., aut. \ Rojo Rubío, Rolando, coord., aut. \ Albarrán Portillo, Benito, coaut.Ì

670 ## - FUENTE DE DATOS ENCONTRADOS

  • Cita de la fuente: Work cat.: (OSt)216161: Metodologías y aplicaciones para la producción ganadera del tropico seco en el sur del Estado de México / coordinadores y autores Juvencio Hernández Martínez, Francisca Avilés Nova y Rolando Rojo Rubío; colaboradores Benito Albarrán Portillo...[et. al.]